|
|
|
|
| LEADER |
00000nam a2200000 a 4500 |
| 001 |
UCJ4024 |
| 003 |
CL-VaPUC |
| 005 |
20230104123228.0 |
| 008 |
070124e19350000CL |||||||||||||||||spa|d |
| 999 |
|
|
|c 320142
|d 320140
|
| 040 |
|
|
|c Pontificia Universidad Católica de Valparaíso
|
| 082 |
0 |
4 |
|a Ch861
|b PAB
|2 21
|
| 100 |
|
|
|a Rokha, Pablo de
|e autor
|9 506833
|
| 245 |
1 |
0 |
|a Jesucristo: Poema
|
| 250 |
|
|
|a 1a. ed
|
| 260 |
|
|
|a Santiago
|b Agrícola
|c 1935
|
| 300 |
|
|
|a 114 p
|
| 500 |
|
|
|a Escultura del poeta
|
| 583 |
|
|
|a last modification
|c 20070124 00:00:00
|k Rodrigo Vera
|
| 600 |
0 |
7 |
|a Olmos, Pedro,
|d 1911-1991
|9 879661
|
| 600 |
0 |
7 |
|a ROMAN, SAMUEL
|9 506835
|
| 650 |
|
0 |
|a Poesía chilena
|9 268403
|
| 650 |
|
0 |
|a Iconografía
|9 267998
|
| 650 |
|
0 |
|a Escultura
|9 265737
|
| 942 |
|
|
|c BK
|2 ddc
|
| 945 |
|
|
|d 20070124 00:00:00
|a rinostro
|
| 952 |
|
|
|0 0
|1 0
|4 0
|6 CH_861_000000000000000_PAB_1935
|7 0
|8 X
|9 398614
|a FDOBUD
|b FDOBUD
|d 2019-11-22
|i 101241K
|o Ch861 PAB 1935
|p 101241K
|r 2019-11-22
|w 2019-11-22
|y BK_X
|k BUD
|